Namen in Fluch der Karibik - Statistiken

Allgemein
  • Dieses Quiz wurde 425 mal gespielt
    21 seit der letzten Aktualisierung
  • Das Durchschnittsergebnis liegt bei 9 aus 28
Antwortstatistiken
Nachname Vorname % Korrekt
Sparrow Jack
95%
William Jr.
90%
Swann Elizabeth
80%
William Sr.
80%
Jones Davy
70%
Norrington James
65%
Barbossa Hector
60%
Beckett Cutler
50%
Edward
45%
Teague Edward
45%
Feng Sao
35%
Dalma Tia
35%
Gibbs Joshamee
30%
Smyth Carina
25%
Teach Angelica
20%
Turner Henry
15%
Carteret John
15%
Salazar Armando
10%
Villanueva Eduardo
5%
Mercer Ian
5%
Margaret
5%
Swift Philip
5%
Angria Sumbhajee
5%
Huang Tai
5%
Weatherby
5%
Kelly Beatrice
0%
Pierre
0%
Groves Theodore
0%
Keine übereinstimmenden Quizze gefunden
Verteilung der Resultate
Anzahl Personen mit jedem Resultat
Perzentil nach korrekt beantworteten Fragen
Ihre Resultats-Entwicklung
Sie haben dieses Quiz seit der letzten Aktualisierung nicht gespielt